New orders, new rules, new assessments - in practice. Papers from a conference held at Oxford, September 1989, organised by the Bar Council , the Law Society and the Royal Institution of Chartered Surveyors (Record no. 93198)

MARC details
000 -LEADER
fixed length control field 01198cam a2200253 4500
001 - CONTROL NUMBER
control field B2925
008 - FIXED-LENGTH DATA ELEMENTS--GENERAL INFORMATION
fixed length control field 090401t1989 xxu||||| |||| 00| 0 eng d
035 ## - SYSTEM CONTROL NUMBER
System control number (Sirsi) u52937
041 ## - LANGUAGE CODE
Language code of text/sound track or separate title eng
050 ## - LIBRARY OF CONGRESS CALL NUMBER
Classification number 711.1
110 ## - MAIN ENTRY--CORPORATE NAME
Corporate name or jurisdiction name as entry element Journal of Planning and Environment Law
9 (RLIN) 2913
245 ## - TITLE STATEMENT
Title New orders, new rules, new assessments - in practice. Papers from a conference held at Oxford, September 1989, organised by the Bar Council , the Law Society and the Royal Institution of Chartered Surveyors
260 ## - PUBLICATION, DISTRIBUTION, ETC.
Place of publication, distribution, etc. London
Name of publisher, distributor, etc. Sweet and Maxwell
Date of publication, distribution, etc. 1989
300 ## - PHYSICAL DESCRIPTION
Extent ii,95p. ; 25cm.
350 ## - PRICE (NR) (BK AM CF MU VM SE) [OBSOLETE]
Price 5.95
490 ## - SERIES STATEMENT
Series statement Journal of Planning and Environment Law Occasional Paper
Volume/sequential designation 16
520 ## - SUMMARY, ETC.
Summary, etc. Papers by Howard,M. ; Thomas,P.E. ; Orchard-Lisle,P.D. ; Lichfield,N. ; Haigh,C.N.A. ; Gatenby,I.C. Read,L.F. Papers:- Planning applications ,appeals development plans .-Business use class.-Property market approach to use classes .-Environmental assessment.- European Community land use .-Inquiries procedure rules.-Private bill procedure.
650 ## - SUBJECT ADDED ENTRY--TOPICAL TERM
Topical term or geographic name entry element B1 USE
650 ## - SUBJECT ADDED ENTRY--TOPICAL TERM
Topical term or geographic name entry element ENVIRONMENTAL IMPACT ASSESSMENTS
650 ## - SUBJECT ADDED ENTRY--TOPICAL TERM
Topical term or geographic name entry element PLANNING APPEALS
650 ## - SUBJECT ADDED ENTRY--TOPICAL TERM
Topical term or geographic name entry element PRIVATE BILLS
942 ## - ADDED ENTRY ELEMENTS (KOHA)
Suppress in OPAC 0
948 ## - LOCAL PROCESSING INFORMATION (OCLC); SERIES PART DESIGNATOR (RLIN)
c (OCLC) 04/03/1997
Holdings
Withdrawn status Lost status Source of classification or shelving scheme Damaged status Not for loan Home library Current library Shelving location Date acquired Cost, normal purchase price Total Checkouts Full call number Barcode Date last seen Date last checked out Copy number Cost, replacement price Price effective from Koha item type
    Dewey Decimal Classification     London London Basement 20/08/1991 5.95 1 BASEMENT 30010252 06/08/2019 15/09/1999 1 5.95 06/08/2019 Book